000 00688cam a2200217 a 4500
001 000009868
005 20200929161735.0
008 950518s1993 pr 001 p spa
020 _z086581465
040 _aDO-SdBNP
_cDLC
_dDLC
082 _aPR861.44
_bS479L
100 1 _aSepúlveda, Arnaldo Enrique
_924805
245 1 3 _aEl libro de sí /
_cArnaldo Sepúlveda.
260 _aSan Juan, (Puerto Rico) :
_bInstituto de Cultura Puertorriqueña,
_c1993.
300 _a101 p. ;
_c22 cm.
504 _aIncluye índice general p:(95-101)
650 4 _aPoesía puertorriqueña
_91015
650 4 _aLiteratura puertorriqueña
_9250
910 _aCatalogación por copia / LC
049 _aBNGR
999 _c9627
_d9627